000 00574nam a2200229Ia 4500
003 OSt
005 20220918200314.0
006 a|||||r|||| 00| 0
007 ta
008 220917b |||||||| |||| 00| 0 eng d
024 _a88,251
037 _cTextual
040 _aARTS
_cARTS
_beng
041 _2eng
_aeng
082 _aU:6-53:N5, 122J0
100 _aCharbonneau J
_993509
245 0 _aPanorama de l'Union Francaise
260 _c1950
650 _aGEOGRAPHY
942 _hU:6-53:N5, 122J0
_cTEXL
_2CC
999 _c211941
_d211941